Statistics for Totally Spies Quiz

Click here to take the quiz!

General Stats

  • This quiz has been taken 169 times
  • The average score is 5 of 6

Answer Stats

HintName% Correct
sport oneAlex
99%
shopping girl + boysClover
97%
the intelligent oneSam
97%
the girls' bossJerry
92%
"villain" girlMandy
88%
a computer system with robotic armsGLADIS
60%

Score Distribution

Percentile by Number Answered

Percent of People with Each Score

Your Score History

You have not taken this quiz